| 000 | 00742nam a2200265 i 4500 | ||
|---|---|---|---|
| 001 | bgj | ||
| 100 | 1 |
_aHOWELLS, William Dean _d(1837-1920) |
|
| 245 | 4 |
_aThe Rise of Silas Lapham / _cWilliam Dean Howells ; with an afterword by Harry T. Moore. |
|
| 250 | _a[3rd print.]. | ||
| 260 |
_aNew York : _bThe New American Library, _cc. 1963. |
||
| 300 |
_a351 pp ; _c18 cm. |
||
| 490 | 1 | _aA Signet Classic | |
| 650 | 9 | _aBusinessmen | |
| 650 | 9 | _aRich people | |
| 650 | 9 | _aSocialities | |
| 650 | 9 | _aPsychological fiction | |
| 650 | 9 | _aDomestic fiction | |
| 655 | _aFiction | ||
| 700 | 1 | _aMOORE, Harry T. | |
| 830 | _aA Signet Classic | ||
| 040 | _cBPK | ||
| 041 | 0 | _aeng | |
| 942 | _cKS | ||
| 008 | s uk f |000 0 eng | ||
| 999 |
_c47926 _d47926 |
||
| 856 |
_uhttp://koha.tu.koszalin.pl/cgi-bin/koha/opac-detail.pl?biblionumber=47926 _yKatalog online BPK |
||